000 00591cam a22002295a 4500
999 _c7392
_d7392
001 7392
003 BD-JhCC
005 20180418172946.0
008 170914s2016 xx a j 6 000 1 eng
020 _a9781910619933
020 _a1910619930
035 _a(BD-JhCC)7392
040 _aDLC
_cDLC
_dBD-JhCC
041 _aeng
082 _bHUG 2016
100 1 _aHughes, Thomas.
245 1 0 _aTom Brown's school days /
_cThomas Hughes
260 _aBerkshire, United Kingdom :
_bCCS Corporation,
_c2016.
300 _a47 pages :
_bcolor illustrations.
942 _2ddc
_cBK